Regional Success After Brexit The Need for New Measures /

Bibliographic Details
Main Author: de Ruyter, Alex
Other Authors: Hearne, David
Format: eBook
Language:English
Published: Bingley: Emerald Group Publishing Limited, 2019
Subjects:
Online Access:Acceso restringido

MARC

LEADER 00000nam a22000007a 4500
005 20210218232837.0
007 cr|||| ||||
008 210218s2019 gb |||||s|||| 00||0 eng d
020 |a 978-1-78756-736-8 
035 |a 32004 
040 |a vLex 
090 |c 11189  |d 11189 
100 1 |a de Ruyter, Alex 
245 1 0 |a Regional Success After Brexit  |h [Recurso electrn̤ico] :  |b The Need for New Measures /  |c Alex de Ruyter, David Hearne 
256 |a Servicio en ln̕ea 
260 |a Bingley:  |b Emerald Group Publishing Limited,  |c 2019 
300 |a 1 recurso electrn̤ico 
506 1 |a Disponible solo en los productos indicados  |d vLex Global  |d vLex Global (Academic Edition, excluding Law Schools)  |d vLex Global (U.S. Academic Edition, Law Schools)  |d vLex Global (U.S. Academic Edition, excluding Law Schools)  |d vLex Global (Academic Edition, Law Schools) 
650 0 4 |a Derecho Comunitario  |z Reino Unido 
700 1 |a Hearne, David 
740 0 |a vLex Libros (Servicio en ln̕ea) 
856 4 0 |u http://vlex.com/source/32004  |z Acceso restringido 
942 |c BOOK 
999 0 |a Community Law